| 000 | 00618nam a2200229Ia 4500 | ||
|---|---|---|---|
| 008 | 160621s9999 xx 000 0 und d | ||
| 020 | _a978-1-4188-3699-3 | ||
| 050 | _aComSc TK 5103.2 | ||
| 050 | _b.O44 2007 | ||
| 100 | _aOlenewa, Jorge. | ||
| 245 | _aWireless# guide to wireless communications / | ||
| 245 | _cJorge Olenewa, Mark Ciampa. | ||
| 250 | _a2nd Edition | ||
| 260 | _aBoston, MA : | ||
| 260 | _bThomson Course Tech., | ||
| 260 | _c2007 | ||
| 300 | _a506 pages : | ||
| 300 | _billustrations ; | ||
| 300 | _c24 cm. | ||
| 500 | _aIncludes index. | ||
| 650 | _aWireless communication systems. | ||
| 999 |
_c296106 _d296106 |
||